बडकी दी का यक्ष प्रश्न / (Record no. 116531)

MARC details
000 -LEADER
fixed length control field 01155nam a22002897a 4500
003 - CONTROL NUMBER IDENTIFIER
control field dpl
005 - DATE AND TIME OF LATEST TRANSACTION
control field 20180907124931.0
008 - FIXED-LENGTH DATA ELEMENTS--GENERAL INFORMATION
fixed length control field 180907b xxu||||| |||| 00| 0 eng d
010 ## - LIBRARY OF CONGRESS CONTROL NUMBER
LC control number B-038829
020 ## - INTERNATIONAL STANDARD BOOK NUMBER
Terms of availability 175.00
035 ## - SYSTEM CONTROL NUMBER
System control number B-038829, B-038833
037 ## - SOURCE OF ACQUISITION
Source of stock number/acquisition Cen Lib/Ret
040 ## - CATALOGING SOURCE
Original cataloging agency DPL
Language of cataloging HN
Transcribing agency 0
082 ## - DEWEY DECIMAL CLASSIFICATION NUMBER
Classification number
Item number पाण्डेय
100 ## - MAIN ENTRY--PERSONAL NAME
Personal name पाण्डेय , दयानंद
9 (RLIN) 67012
245 ## - TITLE STATEMENT
Title बडकी दी का यक्ष प्रश्न /
Statement of responsibility, etc दयानंद पाण्डेय
246 ## - VARYING FORM OF TITLE
Title proper/short title Badki di ka prasan
Remainder of title by Dyanand Pandey
260 ## - PUBLICATION, DISTRIBUTION, ETC. (IMPRINT)
Place of publication, distribution, etc दिल्ली
Name of publisher, distributor, etc जनवाणी प्रकाशन
Date of publication, distribution, etc 2000
270 ## - ADDRESS
Address 30/35-36, गली न. 9, विश्वास नगर
City दिल्ली
Postal code 110032
300 ## - PHYSICAL DESCRIPTION
Extent 174पृष्ठ.
Dimensions 21सेमी(सजिल्द)
650 ## - SUBJECT ADDED ENTRY--TOPICAL TERM
Topical term or geographic name as entry element हिंदी साहित्य
9 (RLIN) 67013
650 ## - SUBJECT ADDED ENTRY--TOPICAL TERM
Topical term or geographic name as entry element हिंदी कहानी
9 (RLIN) 67014
650 ## - SUBJECT ADDED ENTRY--TOPICAL TERM
Topical term or geographic name as entry element Hindi literature
9 (RLIN) 67015
650 ## - SUBJECT ADDED ENTRY--TOPICAL TERM
Topical term or geographic name as entry element Hindi story
9 (RLIN) 43117
700 ## - ADDED ENTRY--PERSONAL NAME
Personal name विलिनाथान
9 (RLIN) 67016
942 ## - ADDED ENTRY ELEMENTS (KOHA)
Source of classification or shelving scheme Dewey Decimal Classification
Koha item type Hindi Books
Classification part
Call number suffix पाण्डेय
Holdings
Withdrawn status Lost status Damaged status Not for loan Home library Current library Date acquired Source of acquisition Cost, normal purchase price Total Checkouts Full call number Barcode Date last seen Copy number Cost, replacement price Price effective from Koha item type Source of classification or shelving scheme Collection code Total Renewals Date checked out
        Central Library Central Library 24/08/2015 Cen Lib /Ret 175.00   क पाण्डेय B-038829 24/08/2015 1 175.00 24/08/2015 Hindi Books        
        Shahdara Branch Shahdara Branch 07/09/2018 BPPD/PUB 175.00 1 क पाण्डेय B-038833 08/06/2019   175.00 07/09/2018 Hindi Books Dewey Decimal Classification Fiction 1 15/05/2019

© Delhi Public Library
Hit Counter
free hit counter